000 00545ntaaa2200205 4500
003 01
005 20251027202931.0
008 0714s1973 ag 01
040 _aAR-BaBN
_bspa
_cAR-BaBN
_eaacr
_dRIC
082 _a922.6730 G76
100 _aPollock, John
_929170
245 _aBilly Graham
250 _a1 ed.
260 _aLondon :
_bHodder and Stoughton,
_cc1966
300 _a359 p
500 _aLa biblioteca posee la misma obra en castellano
650 _abiografĂ­a-Graham, Billy
_928903
650 _aGraham, Billy
_96857
942 _cBK
999 _c24612
_d24612